Films tournés à Deauville (par image) - Statistiques

Statistiques générales
  • Ce quiz a été pris 8 fois
  • Le résultat moyen est 4 sur 16
Statistiques - réponses
Par images Hint Réponse % Correct
Claude Lelouch (1966) Un homme et une femme
88%
Thomas Gilou (1997) La vérité si je mens
63%
Henri Verneuil (1962) Un singe en hiver
63%
Sophie Marceau (2007) La Disparue de Deauville
38%
Charles Nemes (2013) Hôtel Normandy
25%
Serge Leroy (1982) Légitime violence
25%
Pierre Richard (1978) Je suis timide mais je me soigne
13%
Jean Delannoy (1960) Le Baron de l'écluse
13%
Gérard Blain (1971) Les Amis
13%
Claude Lelouch (2019) Les Plus belles années d'une vie
13%
Marcel Jullian (1983) L'été de nos quinze ans
13%
Francis Rigaud (1962 Nous irons à Deauville
13%
Édouard Molinaro (1965) Quand passent les faisans
13%
Sacha Guitry (1957) Assassins et voleurs
0%
Jean-Pierre Melville (1956) Bob le flambeur
0%
Marc Allegret (1957) L'Amour est en jeu
0%
Aucun quiz correspondant
Distribution des résultats
% des personnes avec chaque résultat
Percentile par nombre de réponses
Votre historique - résultats
Vous n’avez pas pris ce quiz